000
00201nam a2200097Ia 4500
100
_a
Foseco
942
_c
BK
245
_a
Foundryman''''s Hand book
260
_b
Pergamon press
_c
1965
546
_a
ENGLISH
999
_c
25265
_d
25265